Monopoly Profit Maximization Model in the Conditions of Perfect Price Differentiation at a Non-linear Price Setting
Cenová diskriminácia druhého stupňa: rozdielna cena pri rôznych nakúpených množstvách tovaru či služby.
Salvato in:
| Autore principale: | |
|---|---|
| Altri autori: | |
| Natura: | Capitolo di libro |
| Lingua: | inglese |
| Soggetti: | |
| Tags: |
Nessun Tag, puoi essere il primo ad aggiungerne!!
|
MARC
| LEADER | 00000nla a2200000 4500 | ||
|---|---|---|---|
| 001 | 0208176 | ||
| 005 | 20240502083520.6 | ||
| 041 | 0 | |a eng | |
| 044 | |a CZ | ||
| 245 | 1 | 0 | |a Monopoly Profit Maximization Model in the Conditions of Perfect Price Differentiation at a Non-linear Price Setting |c Michal Fendek, Eleonora Fendeková |
| 520 | |a Cenová diskriminácia druhého stupňa: rozdielna cena pri rôznych nakúpených množstvách tovaru či služby. | ||
| 610 | 2 | 0 | |a diferenciácia cenová |
| 610 | 2 | 0 | |a modely cenové |
| 610 | 2 | 0 | |a modely nelineárne |
| 610 | 2 | 0 | |a optimalizácia |
| 610 | 2 | 0 | |a zisk |
| 100 | 1 | |a Fendek, Michal | |
| 700 | 1 | |a Fendeková, Eleonora, 1952- | |